Networking and internetworking with microcontrollers / (Record no. 26380)
[ view plain ]
| 000 -LEADER | |
|---|---|
| fixed length control field | 00959cam a22002895a 4500 |
| 001 - CONTROL NUMBER | |
| control field | 13438433 |
| 005 - DATE AND TIME OF LATEST TRANSACTION | |
| control field | 20201128024308.0 |
| 006 - FIXED-LENGTH DATA ELEMENTS--ADDITIONAL MATERIAL CHARACTERISTICS--GENERAL INFORMATION | |
| fixed length control field | m||||f ||z 00| 0 |
| 008 - FIXED-LENGTH DATA ELEMENTS--GENERAL INFORMATION | |
| fixed length control field | 031219t2004 maua fr 001 0 eng d |
| 020 ## - INTERNATIONAL STANDARD BOOK NUMBER | |
| International Standard Book Number | 8181476255 |
| 020 ## - INTERNATIONAL STANDARD BOOK NUMBER | |
| International Standard Book Number | 9788181476258 |
| 040 ## - CATALOGING SOURCE | |
| Original cataloging agency | DLC |
| Transcribing agency | DLC |
| Modifying agency | DLC |
| -- | WaU |
| -- | EG-ScBUE |
| Language of cataloging | eng |
| 082 04 - DEWEY DECIMAL CLASSIFICATION NUMBER | |
| Edition number | 22 |
| Classification number | 629.89 |
| Item number | EAD |
| 100 1# - MAIN ENTRY--PERSONAL NAME | |
| Personal name | Eady, Fred. |
| 245 10 - TITLE STATEMENT | |
| Title | Networking and internetworking with microcontrollers / |
| Statement of responsibility, etc | by Fred Eady. |
| 260 ## - PUBLICATION, DISTRIBUTION, ETC. (IMPRINT) | |
| Place of publication, distribution, etc | Burlington ; |
| -- | Oxford : |
| Name of publisher, distributor, etc | Newnes / Elsevier, |
| Date of publication, distribution, etc | c.2004. |
| 300 ## - PHYSICAL DESCRIPTION | |
| Extent | xvi, 353 p. : |
| Other physical details | ill. ; |
| Dimensions | 23 cm. + |
| Accompanying material | 1 CD-ROM (4 3/4 in.) |
| 490 0# - Series Statement | |
| Series statement | Embedded technology series |
| 500 ## - GENERAL NOTE | |
| General note | Index : p. 351-352. |
| 650 #7 - SUBJECT ADDED ENTRY--TOPICAL TERM | |
| Topical term or geographic name as entry element | Programmable controllers. |
| Source of heading or term | BUEsh |
| 9 (RLIN) | 19072 |
| 650 #7 - SUBJECT ADDED ENTRY--TOPICAL TERM | |
| Topical term or geographic name as entry element | Microcontrollers. |
| Source of heading or term | BUEsh |
| 9 (RLIN) | 23309 |
| 650 #7 - SUBJECT ADDED ENTRY--TOPICAL TERM | |
| Topical term or geographic name as entry element | Computer networks. |
| Source of heading or term | BUEsh |
| 9 (RLIN) | 1660 |
| 650 #7 - SUBJECT ADDED ENTRY--TOPICAL TERM | |
| Topical term or geographic name as entry element | Internetworking (Telecommunication) |
| Source of heading or term | BUEsh |
| 9 (RLIN) | 33835 |
| 651 ## - SUBJECT ADDED ENTRY--GEOGRAPHIC NAME | |
| Source of heading or term | BUEsh |
| 653 ## - INDEX TERM--UNCONTROLLED | |
| Resource For college | Generalities |
| -- | Informatics and Computer Science |
| Arrived date list | March2018 |
| 942 ## - ADDED ENTRY ELEMENTS (KOHA) | |
| Source of classification or shelving scheme | Dewey Decimal Classification |
| Withdrawn status | Item status | Source of classification or shelving scheme | Damaged status | Not for loan | Home library | Current library | Shelving location | Date acquired | Total Checkouts | Full call number | Barcode | Date last seen | Koha item type |
|---|---|---|---|---|---|---|---|---|---|---|---|---|---|
| Dewey Decimal Classification | Central Library | Central Library | First floor | 21/03/2018 | 629.89 EAD | 000047481 | 15/07/2025 | Book - Borrowing | |||||
| Dewey Decimal Classification | Central Library | Central Library | First floor | 21/03/2018 | 629.89 EAD | 000047482 | 24/08/2022 | CD | DVD - With book |